Every Song by Sepultura - Statistics

General Stats
  • This quiz has been taken 11 times
  • The average score is 29 of 197
Answer Stats
Album Song % Correct
Arise(1991) Arise
100%
Beneath the Remains(1989) Beneath the Remains
100%
Roots(1996) Roots Bloody Roots
89%
Arise(1991) Dead Embryonic Cells
78%
Beneath the Remains(1989) Inner Self
78%
Morbid Visions(1986) Morbid Visions
78%
Bestial Devastation(1985) Bestial Devastation
67%
Chaos A.D.(1993) Refuse/Resist
67%
Morbid Visions(1986) Troops of Doom
67%
Arise(Bonus)(1997) C.I.U. (Criminals in Uniform)
56%
Arise(Bonus)(1997) | Schizophrenia(1987) Intro
56%
Chaos A.D.(1993) Kaiowas
56%
Kairos(2011) Kairos
56%
Machine Messiah(2017) Machine Messiah
56%
Quadra(2020) Quadra
56%
Chaos A.D.(1993) Slave New World
56%
Chaos A.D.(1993) Territory
56%
Bestial Devastation(1985) Antichrist
44%
Roots(1996) Attitude
44%
Chaos A.D.(1993) Biotech Is Godzilla
44%
Schizophrenia(1987) From the Past Comes the Storms
44%
Beneath the Remains(1989) Lobotomy
44%
Beneath the Remains(1989) Mass Hypnosis
44%
Arise(1991) Murder
44%
Beneath the Remains(1989) Primitive Future
44%
Roots(1996) Ratamahatta
44%
Nation(2001) Sepulnation
44%
Against(1998) Against
33%
A-Lex(2009) A-Lex I
33%
A-Lex(2009) A-Lex II
33%
A-Lex(2009) A-Lex III
33%
A-Lex(2009) A-Lex IV
33%
Arise(1991) Altered State
33%
Roots(1996) Cut-Throat
33%
Arise(1991) Desperate Cry
33%
Arise(1991) Meaningless Movements
33%
The Mediator Between Head and Hands Must Be the Heart(2013) The Vatican
33%
Chaos A.D.(1993) We Who Are Not as Others
33%
Chaos A.D.(1993) Amen
22%
Against(1998) Choke
22%
Chaos A.D.(1993) Clenched Fist
22%
Dante XXI(2006) Convicted in Life
22%
Schizophrenia(1987) Escape to the Void
22%
Dante XXI(2006) False
22%
Arise(1991) Infected Voice
22%
Morbid Visions(1986) Mayhem
22%
Roorback(2003) Mind War
22%
Bestial Devastation(1985) Necromancer
22%
Chaos A.D.(1993) Nomad
22%
Nation(2001) One Man Army
22%
Dante XXI(2006) Ostia
22%
Machine Messiah(2017) Phantom Self
22%
Chaos A.D.(1993) Propaganda
22%
Non-Album(2015) Sepultura Under My Skin
22%
Roots(1996) Straighthate
22%
Beneath the Remains(1989) Stronger Than Hate
22%
Arise(1991) Under Siege (Regnum Irae)
22%
Morbid Visions(1986) War
22%
Roots(1996) Ambush
11%
Bestial Devastation(Bonus)(1991) Anticop
11%
Roorback(2003) Apes of God
11%
Nation(2001) Border Wars
11%
Roots(1996) Breed Apart
11%
Dante XXI(2006) City of Dis
11%
Dante XXI(2006) Dark Wood of Error
11%
Roots(1996) Dictatorshit
11%
Roots(1996) Dusted
11%
Against(1998) Floaters in Mud
11%
Nation(2001) Human Cause
11%
Beneath the Remains(1989) Hungry
11%
Schizophrenia(1987) Inquisition Symphony
11%
Quadra(2020) Isolation
11%
Kairos(2011) Just One Fix
11%
Against(1998) Kamaitachi
11%
Dante XXI(2006) Limbo
11%
Chaos A.D.(1993) Manifest
11%
Quadra(2020) Means to an End
11%
Dante XXI(2006) Nuclear Seven
11%
Roorback(2003) Outro
11%
Nation(2001) Politricks
11%
Nation(2001) Revolt
11%
Kairos(2011) Seethe
11%
Roots(1996) Spit
11%
Arise(1991) Subtraction
11%
Against(1998) T3rcermillennium
11%
Bestial Devastation(1985) The Curse
11%
Quadra(2020) The Pentagram
11%
Schizophrenia(1987) To the Wall
11%
The Mediator Between Head and Hands Must Be the Heart(2013) Trauma of War
11%
Nation(2001) Uma Cura
11%
Nation(2001) Valtio
11%
Nation(2001) Water
11%
Kairos(2011) 1433
0%
Kairos(2011) 2011
0%
Kairos(2011) 4648
0%
Kairos(2011) 5772
0%
Roorback(2003) Activist
0%
Quadra(2020) Agony of Defeat
0%
Machine Messiah(2017) Alethea
0%
Quadra(2020) Ali
0%
Roorback(2003) As It Is
0%
Quadra(2020) Autem
0%
Kairos(2011) Born Strong
0%
Roots(1996) Born Stubborn
0%
Roorback(2003) Bottomed Out
0%
Against(1998) Boycott
0%
Dante XXI(2006) Buried Words
0%
Roots(Hidden)(1996) Canyon Jam
0%
Quadra(2020) Capital Enslavement
0%
Machine Messiah(Bonus)(2017) Chosen Skin
0%
Roorback(2003) Come Back Alive
0%
Against(1998) Common Bonds
0%
A-Lex(2009) Conform
0%
Roorback(2003) Corrupted
0%
Dante XXI(2006) Crown and Miter
0%
Morbid Visions(1986) Crucifixion
0%
Machine Messiah(2017) Cyber God
0%
Kairos(2011) Dialog
0%
Against(1998) Drowned Out
0%
Kairos(2011) Embrace the Storm
0%
Morbid Visions(1986) Empire of the Damned
0%
Roots(1996) Endangered Species
0%
A-Lex(2009) Enough Said
0%
Dante XXI(2006) Eunoé
0%
Quadra(2020) Fear, Pain, Chaos, Suffering
0%
Dante XXI(2006) Fighting On
0%
A-Lex(2009) Filthy Rot
0%
A-Lex(2009) Forceful Behavior
0%
Morbid Visions(1986) Funeral Rites
0%
Roorback(2003) Godless
0%
The Mediator Between Head and Hands Must Be the Heart(2013) Grief
0%
Quadra(2020) Guardians of Earth
0%
Against(1998) Hatred Aside
0%
Machine Messiah(2017) I Am the Enemy
0%
Machine Messiah(2017) Iceberg Dances
0%
The Mediator Between Head and Hands Must Be the Heart(2013) Impending Doom
0%
Roots(1996) Itsári
0%
Roots(1996) Jasco
0%
Quadra(2020) Last Time
0%
Roorback(2003) Leech
0%
Roots(1996) Lookaway
0%
Dante XXI(2006) Lost
0%
A-Lex(2009) Ludwig Van
0%
The Mediator Between Head and Hands Must Be the Heart(2013) Manipulation of Tragedy
0%
Kairos(2011) Mask
0%
A-Lex(2009) Metamorphosis
0%
A-Lex(2009) Moloko Mesto
0%
Roorback(2003) More of the Same
0%
Kairos(2011) No One Will Stand
0%
The Mediator Between Head and Hands Must Be the Heart(2013) Obsessed
0%
Against(1998) Old Earth
0%
A-Lex(2009) Paradox
0%
Kairos(Bonus)(2011) Point of No Return
0%
Against(Bonus)(1998) Prenúncio
0%
Dante XXI(2006) Primium Mobile
0%
Quadra(2020) Raging Void
0%
Nation(2001) Reject
0%
Kairos(2011) Relentless
0%
Dante XXI(2006) Repeating the Horror
0%
Machine Messiah(2017) Resistant Parasites
0%
Against(1998) Reza
0%
Schizophrenia(1987) R.I.P. (Rest in Pain)
0%
Against(1998) Rumors
0%
A-Lex(2009) Sadistic Values
0%
Nation(2001) Saga
0%
Beneath the Remains(1989) Sarcastic Existence
0%
Schizophrenia(1987) Screams Behind the Shadows
0%
Schizophrenia(1987) Septic Schizo
0%
Morbid Visions(1986) Show Me the Wrath
0%
Machine Messiah(2017) Silent Violence
0%
Beneath the Remains(1989) Slaves of Pain
0%
Kairos(2011) Spectrum
0%
The Mediator Between Head and Hands Must Be the Heart(Bonus)(2013) Stagnate State of Affairs
0%
Dante XXI(2006) Still Flame
0%
A-Lex(2009) Strike
0%
Kairos(2011) Structure Violence (Azzes)
0%
Machine Messiah(2017) Sworn Oath
0%
Schizophrenia(1987) The Abyss
0%
The Mediator Between Head and Hands Must Be the Heart(2013) The Age of the Atheist
0%
The Mediator Between Head and Hands Must Be the Heart(2013) The Bliss of Ignorants
0%
A-Lex(2009) The Experiment
0%
Schizophrenia(Bonus)1997 The Past Reborns the Storms
0%
Roorback(2003) The Rift
0%
A-Lex(2009) The Treatment
0%
Nation(2001) The Ways of Faith
0%
Nation(2001) Tribe to a Nation
0%
Against(1998) Tribus
0%
The Mediator Between Head and Hands Must Be the Heart(2013) Tsunami
0%
Against(1998) Unconscious
0%
Roorback(2003) Urge
0%
Machine Messiah(2017) Vandals Nest
0%
Nation(2001) Vox Populi
0%
Bestial Devastation(1985) Warriors of Death
0%
A-Lex(2009) We've Lost You!
0%
A-Lex(2009) What I Do!
0%
Nation(2001) Who Must Die?
0%
No matching quizzes found
Score Distribution
Percent of People with Each Score
Percentile by Number Answered
Your Score History
You have not taken this quiz